Anuario general del Comercio de la Industria y de las Profesiones; de la Magistratura y de la Administración ó Diccionario indicador de todos los habitantes de Madrid de las Provincias y Ultramar y de los de otras naciones que faciliten antecedentes ordenados / (Record no. 173285)

MARC details
000 -LEADER
campo de control de longitud fija 00714nas a2200157 i 4500
001 - NÚMERO DE CONTROL
campo de control 173285
003 - IDENTIFICADOR DE NÚMERO DE CONTROL
campo de control ES-MaACL
005 - FECHA Y HORA DE LA ÚLTIMA TRANSACCIÓN
campo de control 20230906215213.0
008 - DATOS DE LONGITUD FIJA--INFORMACIÓN GENERAL
campo de control de longitud fija 091124d18611862 | | ||pa d
245 00 - MENCIÓN DEL TÍTULO
Título Anuario general del Comercio de la Industria y de las Profesiones; de la Magistratura y de la Administración ó Diccionario indicador de todos los habitantes de Madrid de las Provincias y Ultramar y de los de otras naciones que faciliten antecedentes ordenados /
Mención de responsabilidad, etc. por Luis Marty Caballero.
260 ## - PUBLICACIÓN, DISTRIBUCIÓN, ETC.
Lugar de publicación, distribución, etc. Madrid :
Nombre del editor, distribuidor, etc. [s.n.],
Fecha de publicación, distribución, etc. 1861-62 (
Fabricante Imp. del Anuario)
300 ## - DESCRIPCIÓN FÍSICA
Extensión 3 v. ;
Dimensiones 22 cm.
651 #4 - PUNTO DE ACCESO ADICIONAL DE MATERIA--NOMBRE GEOGRÁFICO
Nombre geográfico Madrid-
Subdivisión de forma Directorios.
9 (RLIN) 156678
700 1# - ENTRADA AGREGADA--NOMBRE PERSONAL
Nombre de persona Marty Caballero, Luis.
9 (RLIN) 129594
852 ## - LOCALIZACIÓN
Ubicación ES-MaACL
Número de control de estantería G-9974-76
Holdings
Estatus retirado Estado de pérdida Estado de daño No para préstamo Colección Biblioteca de origen Biblioteca actual Ubicación en estantería Fecha de adquisición Fuente de adquisición Total de préstamos Signatura topográfica completa Código de barras Visto por última vez Precio de reemplazo Tipo de ítem Koha
        Colección de referencia Biblioteca del Ateneo de Madrid Biblioteca del Ateneo de Madrid Sala Pecera Planta 3 24/11/2009     G-9974-76 1181855 23/02/2023 23/02/2023 Revista